<?xml version="1.0" encoding="UTF-8"?>
<record
    xmlns:xsi="http://www.w3.org/2001/XMLSchema-instance"
    xsi:schemaLocation="http://www.loc.gov/MARC21/slim http://www.loc.gov/standards/marcxml/schema/MARC21slim.xsd"
    xmlns="http://www.loc.gov/MARC21/slim">

  <leader>02147nam a2200289 a 4500</leader>
  <controlfield tag="001">ASIN0415488958</controlfield>
  <controlfield tag="005">20170105102930.0</controlfield>
  <controlfield tag="008">140115s2009    xxu                 eng d</controlfield>
  <datafield tag="020" ind1=" " ind2=" ">
    <subfield code="a">0415488958 (hardcover)</subfield>
    <subfield code="c">$140.00</subfield>
  </datafield>
  <datafield tag="020" ind1=" " ind2=" ">
    <subfield code="a">9780415488952 (hardcover)</subfield>
  </datafield>
  <datafield tag="040" ind1=" " ind2=" ">
    <subfield code="a">0</subfield>
  </datafield>
  <datafield tag="050" ind1="0" ind2="4">
    <subfield code="a">D1056.2.M87</subfield>
  </datafield>
  <datafield tag="082" ind1="0" ind2="4">
    <subfield code="a">322.1088297</subfield>
    <subfield code="b">MUS 2010</subfield>
  </datafield>
  <datafield tag="245" ind1="1" ind2="0">
    <subfield code="a">Muslims and the state in the post-9/11 west /</subfield>
    <subfield code="c">Erik Bleich.</subfield>
  </datafield>
  <datafield tag="260" ind1=" " ind2=" ">
    <subfield code="a">[S.l.] :</subfield>
    <subfield code="b">Routledge,</subfield>
    <subfield code="c">2009.</subfield>
  </datafield>
  <datafield tag="300" ind1=" " ind2=" ">
    <subfield code="a">176 p. ;</subfield>
    <subfield code="c">24 cm.</subfield>
  </datafield>
  <datafield tag="520" ind1=" " ind2=" ">
    <subfield code="a">From the terrorist attacks of 9/11 to the assassination of Dutch filmmaker Theo van Gogh to the London transportation bombings, dramatic events of recent years have generated security concerns about Muslim communities in the West. These have added an additional layer to the tensions surrounding Muslim immigrant integration and have generated heated discussions about how governments should address such challenges. This collection assembles leading scholars to address four central themes related to the interactions between Muslims and states in contemporary Europe and North America. Its authors investigate the timing of Muslims&#x2019; emergence as a perceived security risk; they review the variety of actions undertaken in response to the new concerns; they assess the effectiveness of different kinds of policies in managing the security and social challenges that governmental actors observe; and they identify relevant Muslim sub-groups and their highly divergent views on recent developments. This book thus serves as a foundation for understanding an issue of critical importance and as a touchstone for advancing public, policy, and scholarly debate about Muslim-state interactions. This book was originally published as a special issue of the&#xA0; Journal of Ethnic and Migration Studies .</subfield>
  </datafield>
  <datafield tag="650" ind1=" " ind2="0">
    <subfield code="a">Europe, Western</subfield>
  </datafield>
  <datafield tag="650" ind1=" " ind2="0">
    <subfield code="a">Islam and state</subfield>
  </datafield>
  <datafield tag="650" ind1=" " ind2="0">
    <subfield code="a">Muslims</subfield>
  </datafield>
  <datafield tag="650" ind1=" " ind2="0">
    <subfield code="a">National security</subfield>
  </datafield>
  <datafield tag="650" ind1=" " ind2="0">
    <subfield code="a">United States</subfield>
  </datafield>
  <datafield tag="650" ind1=" " ind2="0">
    <subfield code="a">War on Terrorism (2001-2009)</subfield>
  </datafield>
  <datafield tag="700" ind1="1" ind2=" ">
    <subfield code="a">Bleich, Erik.</subfield>
  </datafield>
  <datafield tag="856" ind1="4" ind2="0">
    <subfield code="3">Amazon.com</subfield>
    <subfield code="u">http://www.amazon.com/exec/obidos/ASIN/0415488958/chopaconline-20</subfield>
  </datafield>
  <datafield tag="942" ind1=" " ind2=" ">
    <subfield code="2">ddc</subfield>
    <subfield code="c">BK</subfield>
  </datafield>
  <datafield tag="999" ind1=" " ind2=" ">
    <subfield code="c">16015</subfield>
    <subfield code="d">16015</subfield>
  </datafield>
  <datafield tag="952" ind1=" " ind2=" ">
    <subfield code="0">0</subfield>
    <subfield code="1">0</subfield>
    <subfield code="4">0</subfield>
    <subfield code="7">0</subfield>
    <subfield code="8">NFIC</subfield>
    <subfield code="a">CIPS</subfield>
    <subfield code="b">CIPS</subfield>
    <subfield code="c">GEN</subfield>
    <subfield code="d">2013-11-21</subfield>
    <subfield code="l">0</subfield>
    <subfield code="o">322.1088297 MUS 2010</subfield>
    <subfield code="p">CIPS0002504</subfield>
    <subfield code="r">2014-01-15</subfield>
    <subfield code="w">2014-01-15</subfield>
    <subfield code="y">BK</subfield>
  </datafield>
</record>
